Svenska Akademiens ständiga sekreterare - Statistics

General Stats
  • This quiz has been taken 7 times
    6 since last reset
  • The average score is 7 of 16
Answer Stats
År Ständig sekreterare % Correct
1999–2009 Horace Engdahl
100%
2015–2018 Sara Danius
100%
2009–2015 Peter Englund
80%
1964–1977 Karl Ragnar Gierow
60%
1986–1999 Sture Allén
60%
1941–1964 Anders Österling
40%
1977–1986 Lars Gyllensten
40%
1834–1868 Bernhard von Beskow
20%
1883–1912 Carl David af Wirsén
20%
1913–1931 Erik Axel Karlfeldt
20%
1824–1834 Frans Michael Franzén
20%
1874–1881 Henning Hamilton
20%
1869–1872 Ludvig Manderström
20%
2019– Mats Malm
20%
1786–1824 Nils von Rosenstein
20%
1931–1941 Per Hallström
20%
No matching quizzes found
Score Distribution
Percent of People with Each Score
Percentile by Number Answered
Your Score History
You have not taken this quiz since the last reset